La fata carabina

Kaydedildi:
Detaylı Bibliyografya
Yazar: Pennac, Daniel
Materyal Türü: Kitap
Dil:Bilinmeyen Dil
Baskı/Yayın Bilgisi: Feltrinelli
Etiketler: Etiketle
Etiket eklenmemiş, İlk siz ekleyin!

MARC

LEADER 00000nam a2200000Ia 4500
001 R-691
003 CODICE-MESSINA
005 20260212111622.0
008 260211s9999 xx 000 0 und d
040 |c importazione_messina 
100 |a Pennac, Daniel 
245 0 |a La fata carabina 
260 |b Feltrinelli 
942 |2 ddc  |c BK 
952 |0 0  |1 0  |2 ddc  |4 0  |6 SCAFFALE_6_000000000000000__ROMANZI  |7 0  |9 31517  |a ME  |b ME  |d 2026-02-11  |l 0  |o SCAFFALE 6 - ROMANZI  |p R-691  |r 2026-02-11 23:52:36  |w 2026-02-11  |x [REVISIONARE]  |y BK 
999 |c 27182  |d 27182